Österreichische Bezirke die mit Vokalen beginnen - Statistiken

Allgemein
  • Dieses Quiz wurde 48 mal gespielt
  • Das Durchschnittsergebnis liegt bei 8 aus 10
Antwortstatistiken
Vokal Bezirk % Korrekt
A Amstetten
95%
I Innsbruck
95%
I Imst
89%
E Eisenstadt
86%
I Innsbruck-Land
81%
O Oberpullendorf
78%
U Urfahr-Umgebung
78%
O Oberwart
76%
E Eferding
70%
E Eisenstadt-Umgebung
68%
Keine übereinstimmenden Quizze gefunden
Verteilung der Resultate
Anzahl Personen mit jedem Resultat
Perzentil nach korrekt beantworteten Fragen
Ihre Resultats-Entwicklung
Sie haben dieses Quiz noch nicht gespielt